000 00711nam a2200265Ia 4500
003 OSt
005 20220918164602.0
006 a|||||r|||| 00| 0
007 ta
008 220917b |||||||| |||| 00| 0 eng d
020 _a0691067546 (pbk)
024 _a14,674
037 _cTextual
040 _aARTS
_cARTS
_beng
041 _2eng
_aeng
082 _aO111:gx, M9
100 _aEllis John M.
_917833
245 0 _aAgainst deconstruction
260 _aPrinceton
_bPrinceton Univ
_c1989
300 _ax,168p.
_ccm.
500 _aBibliography 161-65p; Includes index
650 _aENGLISH LITERATURE
942 _hO111:gx, M9
_cTEXL
_2CC
999 _c125446
_d125446